000 00991nam2a22002411 4500
001 v19\rc\1470805
005 20250618150325.0
035 _a(NLR Aleph) 004606302
090 _a2853202
_c2853202
100 _a20060620d1891 |||y0rusy50 ca
101 0 _arus
102 _aRU
105 _ay z |||||
200 0 _aза 1891 год
210 _d1891
_aБ. м.
215 _a10 с.
461 0 _1001v19\rc\1470802
_12001#$aОтчет по Тверской женской учительской школе П.П. Максимовича...$vза 1891 год
_92853166
_aТверская женская учительская школа П.П.Максимовича
_cТверь
_dценз. 1876-1906
_tОтчет по Тверской женской учительской школе П.П. Максимовича...
_vза 1891 год
801 0 _aRU
_bNLR
_gpsbo
801 0 _aRU
_bRuMoRGB
_2psbo
801 1 _aRU
_bProSoft-M
_2rusmarc
852 _aNLR
_bЗем
_j41/О19
942 _cBOOK
980 _aNB